Score 0/13 Timer 02:00
0 Plays Today
% Correct
Tiste Andii
97.8%
Eleint
93.7%
Tiste Edur
92.5%
Tiste Liosan
92%
Imass
91.5%
Moranth
91%
K'Chain Che'Malle
88.6%
Forkrul Assail
84.3%
Jaghut
79.3%
Trell
76.7%
Thel Akai
71.3%
Eres
67%
K'Chain Nah'Ruk
63.2%
Remove Ads.
Support Sporcle.
Get the best of Sporcle when you Go Orange. This ad-free experience offers more features, more stats, and more fun while also helping to support Sporcle. Thank you for becoming a member.

You're not logged in!

Compare scores with friends on all Sporcle quizzes.
OR
Log In

Show Comments

Extras

Top Quizzes Today


Score Distribution

Your Account Isn't Verified!

In order to create a playlist on Sporcle, you need to verify the email address you used during registration. Go to your Sporcle Settings to finish the process.

Report this User

Report this user for behavior that violates our Community Guidelines.

Details: